000
00284nam a2200133Ia 4500
100
_a
Intel
942
_c
BK
654
_a
Product overview guide
245
_a
Product overview guide
260
_b
Intel Corporation
_a
USA
_c
1992
082
_a
4.25
546
_a
ENGLISH
999
_c
23030
_d
23030